000 00487nam a2200181Ia 4500
008 090124s9999 xx 000 0 und d
082 _b12906
100 _aयशवन्त
245 _a यशोधन
250 _a5
260 _b"चित्रशाळा प्रकाशन, पुणें 2."
_c1956
300 _a160
600 _aयशवन्त
630 _a यशोधन
700 _aयशवन्त
730 _a यशोधन
942 _cBOOK
999 _c87318
_d87318